| 000 | 00630nam a2200181Ia 4500 | ||
|---|---|---|---|
| 008 | 100920s9999 xx 000 0 und d | ||
| 082 |
_b44578 _a891.463.1 थ 81 |
||
| 100 | _aकर्णिक मधुमंगेश. | ||
| 245 | _aगावाकडच्या गजाली. | ||
| 260 |
_bडिंपल पब्लिकेशन, ठाणे. _c1981 |
||
| 300 |
_a167 _bसाधी |
||
| 365 | _b22 | ||
| 520 | _aलघुकथा. | ||
| 630 | _aगावाकडच्या गजाली. | ||
| 650 | _aलघुकथा. | ||
| 730 | _aगावाकडच्या गजाली. | ||
| 942 | _cBOOK | ||
| 999 |
_c693248 _d693245 |
||